Interpreten nach Lieder #1 - A - Statistiken

Allgemein
  • Dieses Quiz wurde 221 mal gespielt
  • Das Durchschnittsergebnis liegt bei 13 aus 30
Antwortstatistiken
Lieder Interpret % Korrekt
Waterloo, The Winner Takes It All, Dancing Queen ABBA
91%
Skyfall, Someone Like You, Rolling in the Deep Adele
91%
Big Balls, Girls Got Rythm, Highway to Hell AC/DC
83%
Wake Me Up, The Nights, Hey Brother Avicii
75%
Rehab, Tears Dry On Their Own, Back To Black Amy Winehouse
71%
Auf Uns, Auf anderen Wegen, Ultraleicht Andreas Bourani
71%
Kings & Queens, Whatever, Sweet but Psycho Ava Max
66%
7 rings, One Last Time, 34+35 Ariana Grande
62%
Wunder, Roller, Fame Apache 207
61%
Hunting High and Low, Take on Me, Early Morning a-ha
58%
Faded, Alone, Barcelona Alan Walker
57%
Sk8er Boy, Bite Me, Nobody's Home Avril Lavigne
56%
Willst du, Du bist schön, Nachbeben Alligatoah
52%
Pocahontas, Erdbeerkuchen, 3. Stock AnnenMayKantereit
51%
Girl on Fire, My Boo, No One Alicia Keys
49%
Make It, Livin'On The Edge, I Don't Wat to Miss a Thing Aerosmith
39%
Hawaii Toast Song, Elektriker, Hundi Alexander Marcus
36%
Poison, No More Mr. Nice Guy, Hey Stoopid Alice Cooper
34%
No Roots, run away girl, Vertigo Alice Merton
33%
Poison Prince, This Is The Life, Mr. Rock & Roll Amy Macdonald
28%
Stay, Wild Things, Scars To Your Beautiful Alessia Cara
22%
I Wanna Be Yours, Dancing Shoes, When The Sun Goes Down Arctic Monkeys
20%
Thank You, Ironic, Hand in My Pocket Alanis Morissette
18%
Runaway, Running With The Wolves, Conqueror AURORA
16%
Heat Of The Moment, Only Time Will Tell, Sole Survivor Asia
13%
Balls to the Wall, Metal Heart, Fast as a Shark Accept
10%
Live for the Kill, Raise Your Horns, Guardians of Asgaard Amon Amarth
9%
I Am The Law, Bring The Noise, Antisocial Anthrax
8%
We Will Rise, War Eternal, The Eagle Flies Alone Arch Enemy
7%
Gravedigger, Nihilist, Doomsday Architects
7%
Keine übereinstimmenden Quizze gefunden
Verteilung der Resultate
Anzahl Personen mit jedem Resultat
Perzentil nach korrekt beantworteten Fragen
Ihre Resultats-Entwicklung
Sie haben dieses Quiz noch nicht gespielt